000 01829cam a2200241 a 4500
001 000006503
005 20200929153936.0
008 030131s2002 ck ab b 000 0 spa d
020 _a9586650537
040 _aDO-SdBNP
_bspa
_cDLC
_dBNPHU
082 _a986.003
_bS116p
245 0 0 _aSabiduría, poder y comprensión :
_bAmérica se repiensa desde sus orígenes /
_ccompilador, Roberto Arturo Restrepo Arcila.
260 _aBogotá, Colombia :
_bUNESCO,
_bSiglo del Hombre Editores,
_c2002.
300 _a199 p. :
_bil., mapas ;
_c25 cm.
504 _aIncluye referencias bibliográficas.
505 0 _aDesde el corazón del mundo, una visión propia sobre el poder, la autoridad, la espiritualidad y el desarrollo : declaración conjunta de las organizaciones indígenas -- Pensamiento político de la comunidad Tule (Colombia) / Abadio Green -- Organización política de la comunidad de Turuco (Ecuador) / Lourdes Marisol Alta Lima -- Las autoridades tradicionales políticas y espirituales de las comunidades kechuas del Valle de Patakancha, base del Centro Sami (Ollantaytambo, Valle Sagrado de los Inkas, Cusco-Peru) / Centro de Investigación y Promoción Andino Amazónico -- Gobierno de la comunidad de Lapa Lapa del Ajtun Ayllu Yura (Bolivia) / Fermín Beltrán Condori (Apu Mallku de Conamaq) -- Dos mundos opuestos : entrevista de Victor Molina con Ramiro Reynega -- Los cacicazgos del Área Intermedia : entender el antes, para construir el ahora y proyectar el despues / Roberto Arturo Restrepo Arcila.
650 4 _aIndios de sur américa
_xVida social y costumbres
_918030
650 4 _aFilosofía india
_zAmérica Del Sur
_918031
650 4 _aDesarrollo sostenible
_zAmérica Del Sur
_918032
700 1 _aRestrepo Arcila, Roberto Arturo.
_ecomp.
_918033
910 _aCatalogación por copia / LC
049 _aBNGR
999 _c6294
_d6294